| 000 | 01024nam a2200277Ia 4500 | ||
|---|---|---|---|
| 003 | OSt | ||
| 005 | 20221005105854.0 | ||
| 006 | a|||||r|||| 00| 0 | ||
| 007 | ta | ||
| 008 | 221004b |||||||| |||| 00| 0 hin d | ||
| 020 |
_a8126018968 (pbk) _cINR 60.00 |
||
| 024 | _a37488 | ||
| 037 |
_bBW/1666, 14/03/2018, Bookwell _cTextual |
||
| 040 |
_aCRL _cCRL _bhin |
||
| 041 |
_2hin _ahin |
||
| 082 | _aO157,3N15,AY, 152Q2 | ||
| 100 | _aमजूमदार, कमलकुमार, ले. | ||
| 245 | 0 | _aअंतर्जली यात्रा | |
| 246 | _aAantarjalī yātrā | ||
| 260 |
_aनई दिल्ली _bसाहित्य अकादेमी भारत _c2012 |
||
| 300 |
_a128पृ0 _ccm. |
||
| 650 | _a बंगाली साहित्य | ||
| 650 | _aबंगाली कहानी | ||
| 942 |
_hO157,3N15,AY, 152Q2 _cTEXL _2cc |
||
| 999 |
_c1017148 _d1017148 |
||